| LEADER 00000nam 2200000uu 4500 |
| 001 13399112708 |
| 003 BCNR |
| 008 110623s2554||||th 000 0 tha d |
| 020 9786167323299
|
| 060 4 WA546.JT3^bส846 2554
|
| 100 0 สุรเกียรติ อาชานานุภาพ
|
| 245 00 มุมมองและประสบการณ์การพัฒนาระบบบริการปฐมภูมิ :^bในทศวรรษแรกแห่งนโยบายหลักประกันสุขภาพแห่งชาติ /^cโดย สุรเกียรติ อาชานานุภาพ
|
| 250 พิมพ์ครั้งที่ 1
|
| 260 กรุงเทพฯ :^bสำนักงานหลักประกันสุขภาพแห่งชาติ,^c2554
|
| 300 [10], 214 หน้า :^bภาพประกอบ
|
| 650 7 บริการอนามัยชุมชน^zไทย
|
| 650 7 นโยบายสุขภาพสาธารณสุข^zไทย
|
| 650 7 การส่งเสริมสุขภาพ^xไทย
|
| 710 2 สำนักงานหลักประกันสุขภาพแห่งชาติ
|
| 999 ^aบรรณารักษ์
|